Famous Landmarks of the World - Statistics

General Stats
  • This quiz has been taken 124 times
  • The average score is 13 of 15
Answer Stats
Landmark Country % Correct
Great Wall China
99%
Eiffel Tower France
98%
Taj Mahal India
98%
Washington Memorial USA
96%
Sphinx Egypt
94%
Christ the Redeemer Brazil
89%
Acropolis Greece
88%
Machu Picchu Peru
87%
Great Barrier Reef Australia
86%
Pantheon Italy
86%
Burj Khalifa UAE
84%
Brandenburg Gate Germany
82%
Hanging Gardens of Babylon Iraq
73%
Blue Mosque Turkey
69%
Angkor Wat Cambodia
67%
No matching quizzes found
Score Distribution
Percent of People with Each Score
Percentile by Number Answered
Your Score History
You have not taken this quiz